Premieres poiesies (Record no. 6220)

MARC details
000 -CABECERA
campo de control de longitud fija 00631nam a2200217 a 4500
001 - NÚMERO DE CONTROL
campo de control BRCA_6536
005 - FECHA Y HORA DE LA ÚLTIMA TRANSACCIÓN
campo de control 20190320205509.0
008 - DATOS DE LONGITUD FIJA--INFORMACIÓN GENERAL
campo de control de longitud fija 290911s1867----fr-#######---#000-0#fre-#
041 ## - CÓDIGO DE LENGUA
Código de lengua del texto/banda sonora o título independiente fr
044 ## - CÓDIGO DEL PAÍS DE LA ENTIDAD EDITORA/PRODUCTORA
Código MARC del país fre
050 #4 - SIGNATURA TOPOGRÁFICA DE LA BIBLIOTECA DEL CONGRESO
Número de clasificación PQ2369
Número de documento/Ítem .A17 1867
100 1# - ENTRADA PRINCIPAL--NOMBRE DE PERSONA
Nombre de persona Musset, Alfred de
Fechas asociadas al nombre 1810-1857
9 (RLIN) 15413
245 10 - MENCIÓN DE TÍTULO
Título Premieres poiesies
Mención de responsabilidad, etc. Alfred de Musset.
260 ## - PUBLICACIÓN, DISTRIBUCIÓN, ETC.
Lugar de publicación, distribución, etc. París
Nombre del editor, distribuidor, etc. Charpentier
Fecha de publicación, distribución, etc. 1867
300 ## - DESCRIPCIÓN FÍSICA
Extensión 356 p.
Dimensiones 18 cm.
500 ## - NOTA GENERAL
Nota general L77
505 0# - NOTA DE CONTENIDO CON FORMATO
Nota de contenido con formato Contenido: Poesies nouvelles de Alfred De Musset: 1836-1852.-- París: Charpentier, 1867.-- 297 pp.
650 14 - PUNTO DE ACCESO ADICIONAL DE MATERIA--TÉRMINO DE MATERIA
Término de materia o nombre geográfico como elemento de entrada Literatura francesa
9 (RLIN) 16316
902 ## - CATALOGADOR
Iniciales GFM
942 ## - ELEMENTOS DE PUNTO DE ACCESO ADICIONAL (KOHA)
Fuente del sistema de clasificación o colocación Library of Congress Classification
Tipo de ítem Koha Libros
Holdings
Estado de retiro Estado de pérdida Estado dañado No para préstamo Localización permanente Ubicación/localización actual Fecha de adquisición Número de inventario Total de préstamos Signatura topográfica completa Código de barras Fecha visto por última vez Precio válido a partir de Tipo de ítem Koha
El ejemplar forma parte de la colección y puede ser consultado según las políticas vigentes.       Biblioteca del Museo Franz Mayer (Rogerio Casas-Alatriste) Biblioteca del Museo Franz Mayer (Rogerio Casas-Alatriste) 29/09/2011 L77   PQ2369 .A17 1867 (L77) 6983 22/03/2019 22/03/2019 Libros